| 000 | 00666nam a22001817a 4500 | ||
|---|---|---|---|
| 020 | _qHard Cover. | ||
| 082 | _a004 | ||
| 100 | _aMaryam Sajjad, Ammar Malik, Sara Ali, Adnan Naveed and Faiza Ali | ||
| 245 |
_aGROSS DOMESTIC PRODUCT / _cMaryam Sajjad, Ammar Malik, Sara Ali, Adnan Naveed and Faiza Ali |
||
| 260 |
_aIslamabad : _bSEECS - NUST, _c2009. |
||
| 300 |
_a46 p. : ill. ; _c30cm. |
||
| 563 | _aHBK. | ||
| 650 |
_aComputer Science Engineering-Project Report _931419 |
||
| 700 |
_aMr. Muhammad Yousaf. _931155 |
||
| 856 | _uhttp://10.250.8.41:8080/xmlui/handle/123456789/28887 | ||
| 942 |
_2ddc _cPR |
||
| 999 |
_c540425 _d540425 |
||